Las 48 leyes del poder (Record no. 52319)

MARC details
000 -LEADER
fixed length control field 00855nam a22002657a 4500
005 - DATE AND TIME OF LATEST TRANSACTION
control field 20260324112556.0
008 - FIXED-LENGTH DATA ELEMENTS--GENERAL INFORMATION
fixed length control field 260324b ag ||||| |||| 00| 0 spa d
020 ## - INTERNATIONAL STANDARD BOOK NUMBER
International Standard Book Number 9789500837682(argentina)
020 ## - INTERNATIONAL STANDARD BOOK NUMBER
International Standard Book Number 9786079534868(México)
050 04 - LIBRARY OF CONGRESS CALL NUMBER
Classification number BD438
Item number G74 2010
100 1# - MAIN ENTRY--PERSONAL NAME
Personal name Greene, Robert
240 14 - UNIFORM TITLE
Uniform title The 48 laws of power.
Language of a work Español.
245 14 - TITLE STATEMENT
Title Las 48 leyes del poder
Statement of responsibility, etc / Robert Greene, Joost Elffers ; traducción Dorotea Plácking.
246 13 - VARYING FORM OF TITLE
Title proper/short title Las cuarenta y ocho leyes del poder
250 ## - EDITION STATEMENT
Edition statement 21a ed.
260 ## - PUBLICATION, DISTRIBUTION, ETC. (IMPRINT)
Place of publication, distribution, etc Buenos Aires, Argentina :
Name of publisher, distributor, etc Atlántida,
Date of publication, distribution, etc 2010
300 ## - PHYSICAL DESCRIPTION
Extent 526 p. ;
Dimensions 23 cm.
500 ## - GENERAL NOTE
General note
504 ## - BIBLIOGRAPHY, ETC. NOTE
Bibliography, etc Bibliografía : p. 525-526
650 #4 - SUBJECT ADDED ENTRY--TOPICAL TERM
Topical term or geographic name as entry element Poder (Filosofía)
650 #4 - SUBJECT ADDED ENTRY--TOPICAL TERM
Topical term or geographic name as entry element Control (Psicología)
700 1# - ADDED ENTRY--PERSONAL NAME
Personal name Elffers, Joost
Relator term autor.
700 1# - ADDED ENTRY--PERSONAL NAME
Personal name Plácking, Dorotea
Dates associated with a name traductor.
942 ## - ADDED ENTRY ELEMENTS (KOHA)
Source of classification or shelving scheme Biblioteca del Cogreso de los Estados Unidos
Koha item type Libro
Holdings
Estado de pérdida Fuente de clasificación Estado del daño No para préstamo Ubicación permanente Ubicación actual Apartado o colección Fecha de adquisición Fuente de adquisición Edición Enumeración de Serie / Cronológica Dependencia de educación superior (DES) Área del conocimiento Clasificación Código de Barras Date last seen Número de copia Costo por reposición Tipo de recurso
  Biblioteca del Cogreso de los Estados Unidos   Uso interno Biblioteca Biblioteca de la Facultad de Economía Biblioteca de la Facultad de Economía General 24/04/2023 Unidad Académica 21a ed. Ciencias Económico Administrativas Educación y Humanidades BD438 G74 2010 BFE000006249 28/05/2014 C:1 1.00 Libro